Normal view
MARC view
Entry Topical Term
001 - CONTROL NUMBER
- control field: 223952
003 - CONTROL NUMBER IDENTIFIER
- control field: OSt
005 - DATE AND TIME OF LATEST TRANSACTION
- control field: 20250729165437.0
008 - FIXED-LENGTH DATA ELEMENTS
- fixed length control field: 250729|| aca||aabn | a|a d
040 ## - CATALOGING SOURCE
- Original cataloging agency: OSt
- Transcribing agency: OSt
150 ## - HEADING--TOPICAL TERM
- Topical term or geographic name entry element: Kannada
670 ## - SOURCE DATA FOUND
- Source citation: Work cat.: (OSt)236161: ಶಾಸ್ತ್ರಿ ಜಿ ವಿ 223951, ಜ್ನಾನಪೀಠ ಪ್ರಶಸ್ತಿ ವಿಜೇತರು, 2005